Návody ke cvičení z anorganické chemie pro pokročilé.

Uložené v:
Podrobná bibliografia
Médium: Kniha
Jazyk:Czech
Vydané: Praha : Státní pedagogické nakladatelství, 1965.
Vydanie:1. vydání
Edícia:Učební texty vysokých škol
Fyzický popis: 94 strán : ilustrácie, tabuľky.
Tagy: Pridať tag
Žiadne tagy, Buďte prvý kto otaguje tento záznam!

MARC

LEADER 00000nam a22000002i 4500
001 000715708
005 20240614104530.0
008 240614s1965 xr al f p 000 0 cze d
020 |c Kčs 8,40  |q (brožované) 
040 |a SVKKK  |b slo  |c SVKKK  |e rda 
041 0 |a cze 
044 |a xr  |c CZ 
245 0 0 |a Návody ke cvičení z anorganické chemie pro pokročilé. 
250 |a 1. vydání 
264 1 |a Praha :  |b Státní pedagogické nakladatelství,  |c 1965. 
300 |a 94 strán :  |b ilustrácie, tabuľky. 
336 |a text  |b txt  |2 rdacontent 
337 |a bez média  |b n  |2 rdamedia 
338 |a zväzok  |b nc  |2 rdacarrier 
490 1 |a Učební texty vysokých škol 
500 |a Záznam revízie 
830 0 |a Učební texty vysokých škol 
910 |a svkkk 
998 |a BK 
090 |g SCKHL  |k Sklad Pribinova 3. posch.  |a V.43903  |j 362813  |i 2720967865  |s Povinný výt.